[Event "FICGS class D 000199 email"]
[Site "FICGS email"]
[Date "2013.10.29"]
[Round "1"]
[White "Kiely, Martin"]
[Black "Snaden, Ladane"]
[Result "0-1"]
[WhiteElo "1501"]
[BlackElo "1500"]
[PlyCount "106"]
[EventDate "2013.??.??"]
[EventType "tourn (corr)"]
[EventRounds "6"]
[SourceTitle "Corr 2022"]
[Source "ChessBase"]
[SourceDate "2021.10.24"]
[SourceVersion "1"]
[SourceVersionDate "2021.10.24"]
[SourceQuality "1"]

1. d4 f6 2. c4 d6 3. Nc3 e5 4. d5 c6 5. e4 Qe7 6. f4 h5 7. f5 Qf7 8. Bd3 g6 9. fxg6 Qxg6 10. g3 Bg4 11. Nge2 h4 12. Qb3 b6 13. Be3 hxg3 14. Nxg3 Bf3 15. Rf1 Bg2 16. Rf2 Rxh2 17. Nf1 Rh1 18. 0-0-0 Bxf1 19. Rfxf1 Rxf1 20. Bxf1 Bh6 21. Re1 Qg3 22. Kd2 Bxe3+ 23. Rxe3 Qf2+ 24. Be2 Nh6 25. Kd3 f5 26. Nd1 Qg2 27. Rf3 fxe4+ 28. Kxe4 Qxe2+ 29. Re3 Qg2+ 30. Rf3 Qg4+ 31. Ke3 Nf5+ 32. Kd2 Nd4 33. Qd3 Nxf3+ 34. Kc3 Qd4+ 35. Qxd4 Nxd4 36. b3 Na6 37. dxc6 Nxc6 38. Ne3 Nd4 39. Nd5 0-0-0 40. Ne7+ Kd7 41. Nd5 Rh8 42. Nf6+ Ke6 43. Ne4 Rh3+ 44. Kb2 Nb4 45. Ka3 Nbc2+ 46. Ka4 Rh2 47. Ng5+ Kf6 48. Ne4+ Ke6 49. Ng5+ Kd7 50. a3 Rh1 51. Nf7 Ra1 52. Nxe5+ dxe5 53. b4 Rxa3# 0-1

[Event "FICGS class D 000199 email"]
[Site "FICGS email"]
[Date "2013.10.29"]
[Round "1"]
[White "Makosiej, Wladyslaw"]
[Black "Kiely, Martin"]
[Result "1-0"]
[WhiteElo "1445"]
[BlackElo "1501"]
[PlyCount "65"]
[EventDate "2013.??.??"]
[EventType "tourn (corr)"]
[EventRounds "6"]
[SourceTitle "Corr 2022"]
[Source "ChessBase"]
[SourceDate "2021.10.24"]
[SourceVersion "1"]
[SourceVersionDate "2021.10.24"]
[SourceQuality "1"]

1. d4 d5 2. c4 e5 3. dxe5 Bb4+ 4. Bd2 a5 5. a3 Bxd2+ 6. Nxd2 d4 7. Ngf3 c5 8. Nb3 b6 9. Qc2 Ne7 10. Rd1 Bd7 11. g3 0-0 12. Bg2 Nbc6 13. Ng5 g6 14. h4 Bf5 15. Qd2 Qc7 16. Qf4 Rad8 17. h5 h6 18. Nf3 g5 19. Nxg5 hxg5 20. Qxg5+ Kh8 21. h6 Rg8 22. Qf6+ Kh7 23. Qxf7+ Kh8 24. Bxc6 Rdf8 25. Qh5 Qxc6 26. h7 Rg6 27. Qh4 Rh6 28. Qxh6 Qxh6 29. Rxh6 Bxh7 30. Rxb6 Bc2 31. Rd2 Be4 32. Nxc5 Bf5 33. Rxd4 1-0

[Event "FICGS class D 000199 email"]
[Site "FICGS email"]
[Date "2013.10.29"]
[Round "1"]
[White "Puzanov, Vasyl"]
[Black "Kiely, Martin"]
[Result "0-1"]
[WhiteElo "1426"]
[BlackElo "1501"]
[PlyCount "22"]
[EventDate "2013.??.??"]
[EventType "tourn (corr)"]
[EventRounds "6"]
[SourceTitle "Corr 2022"]
[Source "ChessBase"]
[SourceDate "2021.10.24"]
[SourceVersion "1"]
[SourceVersionDate "2021.10.24"]
[SourceQuality "1"]

1. e4 e5 2. Nf3 Nc6 3. Bb5 a6 4. Ba4 Nf6 5. d3 Be7 6. Nc3 0-0 7. Bxc6 bxc6 8. Bg5 h6 9. Bh4 d5 10. Nxe5 Bb7 11. exd5 Nxd5 0-1

[Event "FICGS class D 000190 email"]
[Site "FICGS email"]
[Date "2013.01.22"]
[Round "1"]
[White "Kiely, Martin"]
[Black "Bain, Mathieu"]
[Result "0-1"]
[WhiteElo "1554"]
[BlackElo "1557"]
[PlyCount "100"]
[EventDate "2013.??.??"]
[EventType "tourn (corr)"]
[EventRounds "6"]
[SourceTitle "Corr 2022"]
[Source "ChessBase"]
[SourceDate "2021.10.24"]
[SourceVersion "1"]
[SourceVersionDate "2021.10.24"]
[SourceQuality "1"]

1. d4 d5 2. c4 Nf6 3. Nc3 e6 4. cxd5 exd5 5. Bg5 h6 6. Be3 Bb4 7. a3 Bxc3+ 8. bxc3 Ne4 9. Qc2 Bf5 10. Nf3 Ng3 11. Qa4+ Nc6 12. hxg3 0-0 13. Nh4 Ne7 14. Qb5 Rb8 15. Nxf5 Nxf5 16. Bf4 a6 17. Qd3 Ne7 18. e3 Ng6 19. Be2 c5 20. Bxb8 c4 21. Qf5 Qa5 22. 0-0 Rxb8 23. Rac1 Ne7 24. Qe5 Nc6 25. Qd6 Rd8 26. Qf4 Qxa3 27. Qc7 Qb2 28. Rb1 Qxe2 29. Qxb7 Na5 30. Qc7 Nb3 31. Qxd8+ Kh7 32. Rbe1 Qh5 33. f4 Nd2 34. Rf2 Ne4 35. Ra2 Nxg3 36. Kf2 Ne4+ 37. Kg1 Ng3 38. Kf2 Ne4+ 39. Kf1 Qh1+ 40. Ke2 Qxg2+ 41. Kd1 Nxc3+ 42. Kc1 Nxa2+ 43. Kd1 Qf3+ 44. Kc2 Qf2+ 45. Kd1 Nc3+ 46. Kc1 Qxe1+ 47. Kc2 Ne4 48. Qxd5 Qd2+ 49. Kb1 Nc3+ 50. Ka1 Qa2# 0-1

[Event "FICGS class D 000183 email"]
[Site "FICGS email"]
[Date "2012.05.14"]
[Round "1"]
[White "Kiely, Martin"]
[Black "Toutaoui, Khaled"]
[Result "0-1"]
[WhiteElo "1524"]
[BlackElo "1572"]
[PlyCount "58"]
[EventDate "2012.??.??"]
[EventType "tourn (corr)"]
[EventRounds "6"]
[SourceTitle "Corr 2022"]
[Source "ChessBase"]
[SourceDate "2021.10.24"]
[SourceVersion "1"]
[SourceVersionDate "2021.10.24"]
[SourceQuality "1"]

1. d4 d5 2. c4 c6 3. Nc3 Nf6 4. Nf3 Bg4 5. h3 Bh5 6. Ne5 e6 7. g4 Bg6 8. Nxg6 hxg6 9. Bg5 Be7 10. cxd5 cxd5 11. e3 Nbd7 12. f4 a6 13. Bg2 Qc7 14. Qa4 0-0-0 15. 0-0 Nf8 16. a3 N8h7 17. Ne2 Kb8 18. Bh4 Nf8 19. g5 Rxh4 20. gxf6 Bxf6 21. Qb3 Nd7 22. Rac1 Qd6 23. Ng3 g5 24. Kf2 gxf4 25. exf4 Qxf4+ 26. Bf3 Bxd4+ 27. Kg2 Ne5 28. Bxd5 Qd2+ 29. Kh1 Rxh3# 0-1

[Event "FICGS class D 000177 email"]
[Site "FICGS email"]
[Date "2011.11.13"]
[Round "1"]
[White "Huggins, Jimmy"]
[Black "Kiely, Martin"]
[Result "0-1"]
[WhiteElo "1577"]
[BlackElo "1562"]
[PlyCount "36"]
[EventDate "2011.??.??"]
[EventType "tourn (corr)"]
[EventRounds "1"]
[SourceTitle "Corr 2022"]
[Source "ChessBase"]
[SourceDate "2021.10.24"]
[SourceVersion "1"]
[SourceVersionDate "2021.10.24"]
[SourceQuality "1"]

1. d4 d5 2. c4 e6 3. Nc3 c6 4. Nf3 Nf6 5. Bg5 h6 6. Bh4 dxc4 7. e4 Be7 8. Bxf6 Bxf6 9. e5 Be7 10. Bxc4 b5 11. Bd3 0-0 12. Qe2 Bb7 13. Qe4 f5 14. exf6 Bxf6 15. Qxe6+ Rf7 16. Bg6 Qf8 17. Ne4 Qb4+ 18. Kd1 Qe7 0-1

[Event "FICGS class D 000177 email"]
[Site "FICGS email"]
[Date "2011.11.13"]
[Round "1"]
[White "Piantadosi, Angelo"]
[Black "Kiely, Martin"]
[Result "0-1"]
[WhiteElo "1420"]
[BlackElo "1562"]
[PlyCount "58"]
[EventDate "2011.??.??"]
[EventType "tourn (corr)"]
[EventRounds "1"]
[SourceTitle "Corr 2022"]
[Source "ChessBase"]
[SourceDate "2021.10.24"]
[SourceVersion "1"]
[SourceVersionDate "2021.10.24"]
[SourceQuality "1"]

1. e4 e5 2. Nf3 Nc6 3. Bb5 a6 4. Bxc6 dxc6 5. 0-0 Bd6 6. d4 Nf6 7. dxe5 Nxe4 8. exd6 cxd6 9. Re1 Bf5 10. Bf4 0-0 11. Nbd2 Nxd2 12. Qxd2 d5 13. Nd4 Bg6 14. f3 b5 15. Nxc6 Qf6 16. Ne7+ Kh8 17. Nxg6+ Qxg6 18. Qd3 Qc6 19. c3 Rfd8 20. Qf5 f6 21. Re7 Qc5+ 22. Be3 Qxe7 23. Bd4 Rac8 24. Kf2 Re8 25. Re1 Qd6 26. Re2 Qxh2 27. Rxe8+ Rxe8 28. Qxd5 Qh1 29. Qc6 Qe1# 0-1

[Event "FICGS class D 000170 email"]
[Site "FICGS email"]
[Date "2011.05.21"]
[Round "1"]
[White "Adorjan, Attila"]
[Black "Kiely, Martin"]
[Result "0-1"]
[WhiteElo "1486"]
[BlackElo "1551"]
[PlyCount "28"]
[EventDate "2011.??.??"]
[EventType "tourn (corr)"]
[EventRounds "6"]
[SourceTitle "Corr 2013"]
[Source "ChessBase"]
[SourceDate "2012.11.12"]
[SourceVersion "1"]
[SourceVersionDate "2012.11.12"]
[SourceQuality "1"]

1. e4 e5 2. Nf3 Nc6 3. d4 exd4 4. Nxd4 Nf6 5. Nxc6 bxc6 6. e5 Nd5 7. c4 Nb6 8. Bd3 Bb4+ 9. Bd2 c5 10. 0-0 0-0 11. Bxb4 cxb4 12. c5 Nd5 13. Be4 c6 14. Bxd5 cxd5 0-1

[Event "FICGS class D 000170 email"]
[Site "FICGS email"]
[Date "2011.05.21"]
[Round "1"]
[White "Kiely, Martin"]
[Black "Jacobs, Francois"]
[Result "1-0"]
[WhiteElo "1551"]
[BlackElo "1502"]
[PlyCount "29"]
[EventDate "2011.??.??"]
[EventType "tourn (corr)"]
[EventRounds "6"]
[SourceTitle "Corr 2013"]
[Source "ChessBase"]
[SourceDate "2012.11.12"]
[SourceVersion "1"]
[SourceVersionDate "2012.11.12"]
[SourceQuality "1"]

1. d4 d5 2. c4 e6 3. Nc3 Nf6 4. Nf3 Be7 5. e3 0-0 6. Be2 c6 7. Ne5 Nbd7 8. 0-0 Qc7 9. f4 b6 10. b3 Ba6 11. Bh5 g6 12. Bf3 Ne8 13. g3 f5 14. Bd2 Nd6 15. Be2 1-0

[Event "FICGS class D 000170 email"]
[Site "FICGS email"]
[Date "2011.05.21"]
[Round "1"]
[White "Kiely, Martin"]
[Black "Krakovsky, Peter"]
[Result "0-1"]
[WhiteElo "1551"]
[BlackElo "1496"]
[PlyCount "48"]
[EventDate "2011.??.??"]
[EventType "tourn (corr)"]
[EventRounds "6"]
[SourceTitle "Corr 2013"]
[Source "ChessBase"]
[SourceDate "2012.11.12"]
[SourceVersion "1"]
[SourceVersionDate "2012.11.12"]
[SourceQuality "1"]

1. d4 d5 2. c4 c6 3. Nc3 Nf6 4. Nf3 e6 5. e3 Nbd7 6. Bd3 dxc4 7. Bxc4 b5 8. Be2 Bb7 9. 0-0 a6 10. a3 c5 11. dxc5 Bxc5 12. b4 Be7 13. Bd2 Rc8 14. h3 0-0 15. Qb3 Ne5 16. Rad1 Nxf3+ 17. Bxf3 Bxf3 18. gxf3 Qd3 19. Qb1 Rxc3 20. Bxc3 Qxc3 21. Qa2 Nd5 22. e4 Nf4 23. Kh2 Qxf3 24. Rh1 Qg2# 0-1

[Event "FICGS class C 000161 email"]
[Site "FICGS email"]
[Date "2010.11.11"]
[Round "1"]
[White "Schutte, John"]
[Black "Kiely, Martin"]
[Result "1-0"]
[WhiteElo "1800"]
[BlackElo "1607"]
[PlyCount "49"]
[EventDate "2010.??.??"]
[EventType "tourn (corr)"]
[EventRounds "6"]
[SourceTitle "Corr 2013"]
[Source "ChessBase"]
[SourceDate "2012.11.12"]
[SourceVersion "1"]
[SourceVersionDate "2012.11.12"]
[SourceQuality "1"]

1. e4 e5 2. Nf3 Nc6 3. Bb5 a6 4. Ba4 Nf6 5. 0-0 b5 6. Bb3 Be7 7. Re1 0-0 8. h3 d5 9. exd5 Nxd5 10. Nxe5 Nxe5 11. Rxe5 c6 12. Re1 Nb4 13. Nc3 a5 14. a3 Na6 15. d4 a4 16. Ba2 Bb7 17. Qe2 Bf6 18. Bf4 Bxd4 19. Ne4 Bxb2 20. Rad1 Qh4 21. Bg5 Bc3 22. Bxh4 Bxe1 23. Nf6+ gxf6 24. Qg4+ Kh8 25. Bxf6# 1-0

[Event "FICGS class C 000145 email"]
[Site "FICGS email"]
[Date "2010.05.17"]
[Round "1"]
[White "Kiely, Martin"]
[Black "Kapoor, Lalit"]
[Result "0-1"]
[WhiteElo "1691"]
[BlackElo "1800"]
[PlyCount "52"]
[EventDate "2010.??.??"]
[EventType "tourn (corr)"]
[EventRounds "6"]
[SourceTitle "Corr 2013"]
[Source "ChessBase"]
[SourceDate "2012.11.12"]
[SourceVersion "1"]
[SourceVersionDate "2012.11.12"]
[SourceQuality "1"]

1. d4 Nf6 2. c4 e6 3. Nc3 Bb4 4. Bd2 0-0 5. Nf3 c5 6. dxc5 Bxc5 7. e4 Ng4 8. Bd3 Nxf2 9. Bg5 Nxd1 10. Bxd8 Nxb2 11. Ba5 Nxd3+ 12. Kd2 Nb2 13. Ne5 Nc6 14. Nxc6 bxc6 15. Rhb1 Nxc4+ 16. Kd3 Nxa5 17. Na4 Ba6+ 18. Kd2 Bd4 19. Nb2 Bxb2 20. Rxb2 Nc4+ 21. Kc2 Nxb2 22. Kxb2 d5 23. exd5 exd5 24. Rc1 Rab8+ 25. Ka1 Rfe8 26. Rxc6 Re1+ 0-1

[Event "FICGS class C 000145 email"]
[Site "FICGS email"]
[Date "2010.05.17"]
[Round "1"]
[White "Kis Kos, Laszlo"]
[Black "Kiely, Martin"]
[Result "0-1"]
[WhiteElo "1674"]
[BlackElo "1691"]
[PlyCount "44"]
[EventDate "2010.??.??"]
[EventType "tourn (corr)"]
[EventRounds "6"]
[SourceTitle "Corr 2013"]
[Source "ChessBase"]
[SourceDate "2012.11.12"]
[SourceVersion "1"]
[SourceVersionDate "2012.11.12"]
[SourceQuality "1"]

1. e4 e5 2. Nf3 Nc6 3. Bb5 a6 4. Ba4 Nf6 5. 0-0 Be7 6. Re1 0-0 7. Bxc6 dxc6 8. Nxe5 b5 9. Nxc6 Qd7 10. Nxe7+ Qxe7 11. d4 Nxe4 12. f3 c5 13. fxe4 c4 14. Nc3 Qe6 15. a4 Bd7 16. Nd5 Rfb8 17. Bf4 bxa4 18. Bxb8 Rxb8 19. Rb1 Rb5 20. Nc7 Qb6 21. Nxb5 Bxb5 22. Qd2 h6 0-1

[Event "FICGS W-ch st1 g19 email"]
[Site "FICGS email"]
[Date "2009.11.17"]
[Round "1"]
[White "Flavant, Jean Daniel"]
[Black "Kiely, Martin"]
[Result "1-0"]
[WhiteElo "2123"]
[BlackElo "1800"]
[PlyCount "41"]
[EventDate "2009.??.??"]
[EventType "tourn (corr)"]
[EventRounds "8"]
[SourceTitle "Corr 2022"]
[Source "ChessBase"]
[SourceDate "2021.10.24"]
[SourceVersion "1"]
[SourceVersionDate "2021.10.24"]
[SourceQuality "1"]

1. c4 g5 2. Nc3 Bg7 3. d4 Nc6 4. d5 Nb4 5. Bxg5 d6 6. Qa4+ c6 7. Qxb4 c5 8. Qa4+ Bd7 9. Qc2 h6 10. Bf4 Qa5 11. e4 e5 12. dxe6 fxe6 13. e5 dxe5 14. Qg6+ Kf8 15. Bd2 Ne7 16. Qg4 Nf5 17. Bd3 Nd4 18. Nf3 e4 19. Nxe4 Nxf3+ 20. Qxf3+ Ke7 21. Bxa5 1-0

[Event "FICGS class C 000128 email"]
[Site "FICGS email"]
[Date "2009.11.04"]
[Round "1"]
[White "Eriksson, Joel"]
[Black "Kiely, Martin"]
[Result "0-1"]
[WhiteElo "1680"]
[BlackElo "1800"]
[PlyCount "60"]
[EventDate "2009.??.??"]
[EventType "tourn (corr)"]
[EventRounds "4"]
[SourceTitle "Corr 2022"]
[Source "ChessBase"]
[SourceDate "2021.10.24"]
[SourceVersion "1"]
[SourceVersionDate "2021.10.24"]
[SourceQuality "1"]

1. e4 e5 2. Nf3 Nc6 3. Bc4 Nf6 4. Ng5 d5 5. exd5 Nxd5 6. d4 Bb4+ 7. c3 Be7 8. Nxf7 Kxf7 9. Qf3+ Bf6 10. Bxd5+ Be6 11. Bxe6+ Kxe6 12. 0-0 exd4 13. cxd4 Nxd4 14. Qxb7 Ne2+ 15. Kh1 Rb8 16. Qe4+ Kf7 17. Qc4+ Kg6 18. Qxe2 Re8 19. Qc2+ Kf7 20. Nc3 Kg8 21. Be3 a6 22. Rad1 Qe7 23. Nd5 Qd6 24. Nxc7 Qb4 25. Nxa6 Qxb2 26. Qc4+ Kh8 27. Nxb8 Rxb8 28. Rd7 h6 29. Qf7 Qb5 30. Rfd1 Rg8 0-1